[Event "Arad op 7th"]
[Site "Arad"]
[Date "2014.08.05"]
[Round "2"]
[White "Piorun, Kacper"]
[Black "Tincu, Radu"]
[Result "1-0"]
[WhiteElo "2560"]
[BlackElo "2151"]
[PlyCount "59"]
[EventDate "2014.08.04"]
[EventType "swiss"]
[EventRounds "9"]
[EventCountry "ROU"]
[SourceTitle "CBM 161 Extra"]
[Source "ChessBase"]
[SourceDate "2014.08.29"]
[SourceVersion "1"]
[SourceVersionDate "2014.08.29"]
[SourceQuality "1"]

1. e4 e5 2. Nf3 Nc6 3. Bb5 g6 4. d4 exd4 5. c3 d3 6. Qxd3 Bg7 7. Bg5 Bf6 8. Bf4 a6 9. Bc4 d6 10. Nbd2 Be6 11. 0-0-0 Nge7 12. Qe2 Bg7 13. h4 h6 14. e5 Bxc4 15. Nxc4 d5 16. e6 0-0 17. Nce5 Nxe5 18. Bxe5 f6 19. Bf4 Re8 20. g4 c5 21. g5 fxg5 22. hxg5 h5 23. Ne5 Bxe5 24. Bxe5 Nf5 25. Rxh5 gxh5 26. Qxh5 Rxe6 27. Qh8+ Kf7 28. Qh7+ Ke8 29. Qxf5 Qe7 30. Rh1 1-0

[Event "Arad op"]
[Site "Arad"]
[Date "2012.07.28"]
[Round "2"]
[White "Nistor, Mihai"]
[Black "Tincu, Radu"]
[Result "0-1"]
[WhiteElo "1925"]
[BlackElo "2206"]
[PlyCount "89"]
[EventDate "2012.07.27"]
[EventType "swiss"]
[EventRounds "9"]
[EventCountry "ROU"]
[SourceTitle "CBM 149 Extra"]
[Source "ChessBase"]
[SourceDate "2012.08.24"]
[SourceVersion "1"]
[SourceVersionDate "2012.08.24"]
[SourceQuality "1"]

1. e4 e5 2. Nf3 d5 3. Nxe5 Bd6 4. d4 dxe4 5. Bc4 Bxe5 6. Qh5 Qe7 7. Qxe5 Qxe5 8. dxe5 Nc6 9. Bd5 Bf5 10. Bxc6+ bxc6 11. Be3 Ne7 12. Nd2 Ng6 13. 0-0 Nxe5 14. Bf4 0-0-0 15. Nxe4 Rhe8 16. Ng5 f6 17. Bxe5 fxe5 18. c3 e4 19. Rad1 h6 20. Nh3 Bxh3 21. gxh3 Rd5 22. Rxd5 cxd5 23. f3 e3 24. b4 Kd7 25. Re1 Kc6 26. a4 a5 27. bxa5 Ra8 28. Rxe3 Rxa5 29. Re6+ Kc5 30. Re7 c6 31. Rxg7 Rxa4 32. Rg2 Ra3 33. Rc2 Kc4 34. f4 Kd3 35. Rc1 Ke4 36. Rf1 Kf5 37. Rf3 Ra4 38. Kf2 Rxf4 39. Ke3 Rxf3+ 40. Kxf3 c5 41. h4 h5 42. h3 Ke5 43. Ke3 Kd6 44. Kd3 Kc6 45. Kc2 0-1

[Event "ROM-chT Div-A"]
[Site "Slanic Moldova"]
[Date "2011.10.07"]
[Round "7"]
[White "Fulop, Francisc"]
[Black "Tincu, Radu"]
[Result "0-1"]
[WhiteElo "2094"]
[BlackElo "2209"]
[PlyCount "112"]
[EventDate "2011.10.03"]
[EventType "team-tourn"]
[EventRounds "9"]
[EventCountry "ROU"]
[SourceTitle "CBM 144 Extra"]
[Source "ChessBase"]
[SourceDate "2011.10.28"]
[SourceVersion "1"]
[SourceVersionDate "2011.10.28"]
[SourceQuality "1"]

1. e4 e5 2. Nf3 Nc6 3. Bb5 Nge7 4. c3 d6 5. d4 Bd7 6. Be3 g6 7. d5 Nb8 8. Bxd7+ Nxd7 9. c4 Bg7 10. Nc3 0-0 11. Qd2 Nf6 12. h3 a6 13. a4 Nh5 14. g4 Nf4 15. Bxf4 exf4 16. Qxf4 h6 17. Qg3 Kh7 18. 0-0 f5 19. exf5 gxf5 20. Rad1 fxg4 21. hxg4 Ng6 22. Nd4 Be5 23. Qh3 Nf4 24. Qh1 Qg5 25. f3 Rae8 26. Ne6 Nxe6 27. dxe6 Qe3+ 28. Kg2 Bxc3 29. bxc3 Rxe6 30. Rde1 Qd2+ 31. Kg3 Qf4+ 32. Kf2 Qxg4 33. Rxe6 Qxe6 34. Re1 Qf6 35. Qh3 Rf7 36. Qh5 b6 37. Qd5 Qh4+ 38. Kf1 Qh3+ 39. Kf2 Qh2+ 40. Kf1 Qf4 41. Kf2 a5 42. Qd3+ Kh8 43. Re8+ Kg7 44. Re4 Qf5 45. Qd4+ Kh7 46. Qe3 Qh3 47. Re8 Qh4+ 48. Ke2 Qxc4+ 49. Kd2 Qd5+ 50. Ke2 Rg7 51. Re7 Qa2+ 52. Kd3 Qb1+ 53. Kd2 Qf5 54. Rxg7+ Kxg7 55. Qd4+ Qe5 56. Qg4+ Qg5+ 0-1

[Event "ROM-chT Div-A"]
[Site "Slanic Moldova"]
[Date "2011.10.04"]
[Round "2"]
[White "Petrescu, Cristian"]
[Black "Tincu, Radu"]
[Result "0-1"]
[WhiteElo "2044"]
[BlackElo "2209"]
[PlyCount "58"]
[EventDate "2011.10.03"]
[EventType "team-tourn"]
[EventRounds "9"]
[EventCountry "ROU"]
[SourceTitle "CBM 144 Extra"]
[Source "ChessBase"]
[SourceDate "2011.10.28"]
[SourceVersion "1"]
[SourceVersionDate "2011.10.28"]
[SourceQuality "1"]

1. e4 e6 2. Qe2 e5 3. Nf3 Nc6 4. c3 d6 5. g3 g6 6. Bg2 Bg7 7. d3 Nge7 8. Nbd2 0-0 9. 0-0 h6 10. Re1 Be6 11. Nf1 Qd7 12. Be3 f5 13. Qd2 Kh7 14. h4 Rf7 15. N3h2 Raf8 16. f4 fxe4 17. dxe4 exf4 18. gxf4 Bh3 19. Ng3 Bf6 20. f5 Bxg2 21. Qxg2 gxf5 22. Qh3 Ne5 23. exf5 Rg8 24. Bg5 Bxg5 25. hxg5 Rxg5 26. Rxe5 dxe5 27. Ng4 Rxg4 28. Qxg4 Rg7 29. Rd1 Qc6 0-1

[Event "ROM-chT Div-A"]
[Site "Slanic Moldova"]
[Date "2011.10.03"]
[Round "1"]
[White "Tincu, Radu"]
[Black "Turcu, Iulian"]
[Result "1/2-1/2"]
[WhiteElo "2209"]
[BlackElo "2205"]
[PlyCount "81"]
[EventDate "2011.10.03"]
[EventType "team-tourn"]
[EventRounds "9"]
[EventCountry "ROU"]
[SourceTitle "CBM 144 Extra"]
[Source "ChessBase"]
[SourceDate "2011.10.28"]
[SourceVersion "1"]
[SourceVersionDate "2011.10.28"]
[SourceQuality "1"]

1. e4 e5 2. Nf3 Nc6 3. Bc4 Bc5 4. 0-0 Nf6 5. d3 a6 6. c3 d6 7. h3 Ba7 8. Bb3 h6 9. Be3 g5 10. Nh2 Ne7 11. Bxa7 Rxa7 12. d4 0-0 13. Qf3 Ng6 14. dxe5 dxe5 15. Rd1 Qe7 16. Ng4 Nxg4 17. hxg4 a5 18. g3 a4 19. Bc4 c6 20. Nd2 b5 21. Be2 Rd7 22. Nf1 Rxd1 23. Rxd1 Rd8 24. a3 Rxd1 25. Bxd1 Qd6 26. Qe2 Nf8 27. Ne3 Be6 28. Bc2 Nd7 29. f3 Nb6 30. Qd3 Qc5 31. Kg2 Kg7 32. Qe2 Nc4 33. Nxc4 Qxc4 34. Qxc4 Bxc4 35. Kf2 Kf6 36. Ke3 Ke7 37. Kd2 Kd6 38. Ke3 Kc5 39. Kd2 Kb6 40. Ke3 Ka5 41. Kd2 1/2-1/2

[Event "Eforie Nord op 2nd"]
[Site "Eforie Nord"]
[Date "2010.06.27"]
[Round "11"]
[White "Beinoras, Mindaugas"]
[Black "Tincu, Radu"]
[Result "1-0"]
[WhiteElo "2386"]
[BlackElo "2143"]
[PlyCount "63"]
[EventDate "2010.06.18"]
[EventType "swiss"]
[EventRounds "11"]
[EventCountry "ROU"]
[SourceTitle "CBM 137 Extra"]
[Source "ChessBase"]
[SourceDate "2010.09.01"]
[SourceVersion "1"]
[SourceVersionDate "2010.09.01"]
[SourceQuality "1"]

1. d4 Nf6 2. c4 g6 3. Nc3 Bg7 4. e4 d6 5. f3 0-0 6. Be3 Nbd7 7. Qd2 a6 8. 0-0-0 c6 9. g4 b5 10. h4 Qa5 11. Kb1 Rb8 12. h5 e5 13. Nd5 Qd8 14. Nxf6+ Bxf6 15. g5 exd4 16. Qh2 Bxg5 17. hxg6 h6 18. Bxd4 fxg6 19. Qxd6 Kh7 20. Nh3 Be7 21. Qh2 h5 22. f4 Nf6 23. f5 Bxf5 24. exf5 c5 25. Ng5+ Kg8 26. Ne6 Qd7 27. Qg3 Ng4 28. Be2 cxd4 29. Bxg4 hxg4 30. Rxd4 Qb7 31. Qh2 Kf7 32. Qh7+ 1-0

[Event "Eforie Nord op 2nd"]
[Site "Eforie Nord"]
[Date "2010.06.21"]
[Round "5"]
[White "Bargan, Sergei"]
[Black "Tincu, Radu"]
[Result "1-0"]
[WhiteElo "2338"]
[BlackElo "2143"]
[PlyCount "99"]
[EventDate "2010.06.18"]
[EventType "swiss"]
[EventRounds "11"]
[EventCountry "ROU"]
[SourceTitle "CBM 137 Extra"]
[Source "ChessBase"]
[SourceDate "2010.09.01"]
[SourceVersion "1"]
[SourceVersionDate "2010.09.01"]
[SourceQuality "1"]

1. d4 Nf6 2. c4 e6 3. Nc3 d5 4. Bg5 Be7 5. cxd5 exd5 6. e3 0-0 7. Nf3 h6 8. Bh4 c6 9. Qc2 Re8 10. Bd3 Ne4 11. Bxe7 Qxe7 12. Bxe4 dxe4 13. Nd2 f5 14. 0-0 Be6 15. Rab1 Nd7 16. Rfc1 Nf6 17. b4 Rac8 18. Qa4 a6 19. Qa5 Qf7 20. Nb3 f4 21. exf4 Rcd8 22. Ne2 Nd5 23. Qa3 Bg4 24. Ng3 Nxf4 25. Nc5 Rxd4 26. Qe3 Red8 27. Ncxe4 Rd3 28. Qb6 h5 29. h4 Qd5 30. Qc7 Nxg2 31. Rc5 Qxa2 32. Nc3 Qd2 33. Kxg2 R8d6 34. Qb8+ Kh7 35. Nce4 Bf3+ 36. Kg1 Bxe4 37. Rxh5+ Rh6 38. Nxe4 Qe2 39. Rxh6+ Kxh6 40. Ng3 Rd1+ 41. Rxd1 Qxd1+ 42. Kh2 Qg4 43. Qh8+ Kg6 44. Qe8+ Kh6 45. Qe4 Qxe4 46. Nxe4 b6 47. Kg3 Kh5 48. f4 a5 49. bxa5 bxa5 50. Nc5 1-0

[Event "Eforie Nord op 2nd"]
[Site "Eforie Nord"]
[Date "2010.06.20"]
[Round "3"]
[White "Cosma, Elena Luminita"]
[Black "Tincu, Radu"]
[Result "0-1"]
[WhiteElo "2370"]
[BlackElo "2143"]
[PlyCount "156"]
[EventDate "2010.06.18"]
[EventType "swiss"]
[EventRounds "11"]
[EventCountry "ROU"]
[SourceTitle "CBM 137 Extra"]
[Source "ChessBase"]
[SourceDate "2010.09.01"]
[SourceVersion "1"]
[SourceVersionDate "2010.09.01"]
[SourceQuality "1"]

1. d4 d5 2. c4 dxc4 3. Nf3 Nf6 4. e3 a6 5. Bxc4 e6 6. Qe2 c5 7. dxc5 Bxc5 8. 0-0 b5 9. Bd3 Qe7 10. a4 b4 11. Nbd2 0-0 12. Nb3 Bd6 13. e4 e5 14. Bg5 Be6 15. Nfd2 a5 16. Rfc1 Nbd7 17. Bc4 Nc5 18. Nxc5 Bxc5 19. Bxf6 gxf6 20. Bxe6 fxe6 21. Nb3 Bd4 22. Rc4 Rfd8 23. Rd1 Bb6 24. Rdc1 Kh8 25. h3 Rd6 26. Rc8+ Rxc8 27. Rxc8+ Rd8 28. Qc4 Rxc8 29. Qxc8+ Kg7 30. Kf1 Qa7 31. Qxe6 Bxf2 32. Qg4+ Kh8 33. Qf3 Bd4 34. Qxf6+ Kg8 35. Qd8+ Kg7 36. Nxd4 exd4 37. Qg5+ Kf7 38. Qd5+ Kg7 39. Ke2 Qa6+ 40. Kd2 Qh6+ 41. Kc2 Qe3 42. Qd7+ Kh6 43. Qe6+ Kg7 44. Qg4+ Kh6 45. Qf3 d3+ 46. Kd1 Qd4 47. Qf8+ Kg6 48. Qg8+ Kh6 49. h4 Qg1+ 50. Kd2 Qf2+ 51. Kxd3 Qxh4 52. Qf8+ Kg6 53. Qf5+ Kg7 54. Qe5+ Kg6 55. Qxa5 Qg3+ 56. Kc4 Qxg2 57. Qf5+ Kg7 58. Qe5+ Kg6 59. Kxb4 h5 60. a5 Qe2 61. Qf5+ Kh6 62. b3 h4 63. e5 Qe1+ 64. Kb5 Qg3 65. Qe6+ Kg5 66. a6 Qd3+ 67. Kb6 Qd4+ 68. Kc6 Qa7 69. Kb5 Kf4 70. Qb6 Qd7+ 71. Ka5 Qd5+ 72. Qb5 Qd8+ 73. Ka4 h3 74. a7 h2 75. e6 Qd4+ 76. Ka5 Qxa7+ 77. Kb4 h1Q 78. Qc4+ Qe4 0-1

[Event "Revelionul Mileniului rapid"]
[Site "Revelionul"]
[Date "2000.??.??"]
[Round "?"]
[White "Mateuta, Gabriel"]
[Black "Tincu, Radu"]
[Result "1/2-1/2"]
[WhiteElo "2405"]
[BlackElo "2240"]
[PlyCount "102"]
[EventDate "2000.??.??"]
[EventType "swiss"]
[EventRounds "7"]
[EventCountry "ROU"]
[SourceTitle "EXT 2004"]
[Source "ChessBase"]
[SourceDate "2003.11.25"]
[SourceVersion "1"]
[SourceVersionDate "2003.11.25"]
[SourceQuality "1"]

1. d4 Nf6 2. c4 g6 3. Nf3 Bg7 4. Nc3 0-0 5. Bg5 d6 6. e3 c6 7. Be2 a6 8. 0-0 b5 9. a3 h6 10. Bh4 Bf5 11. Nd2 e5 12. dxe5 dxe5 13. e4 Be6 14. f3 Nbd7 15. Qc2 g5 16. Bf2 Qe7 17. Rfd1 Nh5 18. Nf1 Nf4 19. Ne3 Nxe2+ 20. Nxe2 Rfc8 21. Ng3 Nf8 22. Nef5 Bxf5 23. Nxf5 Qc7 24. Rd6 Ne6 25. Rxc6 Qxc6 26. Ne7+ Kh7 27. Nxc6 Rxc6 28. c5 Nd4 29. Bxd4 exd4 30. e5+ Kg8 31. Re1 Rd8 32. b4 Re6 33. Qd3 Rd5 34. Kf1 Bxe5 35. Qe4 Bg3 36. hxg3 Rxe4 37. fxe4 Re5 38. g4 Kf8 39. Kf2 Ke7 40. Kf3 Re6 41. Rd1 Rf6+ 42. Kg3 Ke6 43. Rxd4 Ke5 44. Rd5+ Kxe4 45. Rd6 Rf1 46. Rxa6 Ra1 47. c6 Rc1 48. a4 Rc3+ 49. Kh2 bxa4 50. b5 Kd5 51. Rxa4 Kc5 1/2-1/2

[Event "Ghiocelul op"]
[Site "Ghiocelul"]
[Date "2000.??.??"]
[Round "?"]
[White "Tincu, Radu"]
[Black "Bartha, Andrei"]
[Result "1-0"]
[WhiteElo "2215"]
[BlackElo "2170"]
[PlyCount "65"]
[EventDate "2000.??.??"]
[EventType "swiss"]
[EventRounds "9"]
[EventCountry "ROU"]
[SourceTitle "EXT 2004"]
[Source "ChessBase"]
[SourceDate "2003.11.25"]
[SourceVersion "1"]
[SourceVersionDate "2003.11.25"]
[SourceQuality "1"]

1. f4 g6 2. Nf3 Bg7 3. e4 d6 4. Bc4 Nf6 5. Nc3 c6 6. Bb3 b5 7. d3 0-0 8. a4 b4 9. Ne2 a5 10. 0-0 Na6 11. Kh1 Nc5 12. Bc4 d5 13. exd5 Nxd5 14. Ne5 Qd6 15. d4 Ne4 16. Bd3 Nef6 17. Ng3 c5 18. dxc5 Qxc5 19. Qe2 Bb7 20. h4 Rfd8 21. Bd2 Qc7 22. Rae1 Nd7 23. h5 Nc5 24. hxg6 hxg6 25. Nxf7 Kxf7 26. Bxg6+ Kf8 27. Nf5 Ra6 28. Nh4 Qd6 29. f5 Qf6 30. Qh5 Qxb2 31. f6 Nxf6 32. Bh6 Kg8 33. Bf7+ 1-0

[Event "Mos Craciun op"]
[Site "Romania"]
[Date "2000.??.??"]
[Round "?"]
[White "Tincu, Radu"]
[Black "Florescu, Petru"]
[Result "1-0"]
[WhiteElo "2219"]
[BlackElo "2206"]
[PlyCount "85"]
[EventDate "2000.??.??"]
[EventType "swiss"]
[EventRounds "9"]
[EventCountry "ROU"]
[SourceTitle "EXT 2004"]
[Source "ChessBase"]
[SourceDate "2003.11.25"]
[SourceVersion "1"]
[SourceVersionDate "2003.11.25"]
[SourceQuality "1"]

1. e4 c5 2. Nf3 Nc6 3. Nc3 g6 4. d4 cxd4 5. Nxd4 Bg7 6. Be3 Nf6 7. Bc4 0-0 8. Bb3 Qa5 9. 0-0 d6 10. f3 Nxd4 11. Bxd4 Be6 12. Qe2 Rac8 13. Qf2 b6 14. Rad1 Bc4 15. Rfe1 Rfd8 16. h3 e5 17. Be3 d5 18. exd5 Nxd5 19. Bxc4 Rxc4 20. Qd2 Rxc3 21. Qxc3 Qxc3 22. bxc3 Rd7 23. c4 Nf6 24. c5 bxc5 25. Bxc5 Nd5 26. c4 Nb6 27. Rxd7 Nxd7 28. Bxa7 Kf8 29. c5 Ke8 30. c6 Nf8 31. Rd1 Ne6 32. Rd7 Bf8 33. a4 Nd8 34. Rxd8+ Kxd8 35. Bb6+ Kc8 36. a5 Bd6 37. a6 Bb8 38. Kf2 h5 39. Ke3 f5 40. Kd3 g5 41. Kc4 g4 42. hxg4 e4 43. gxh5 1-0

[Event "Revelionul Mileniului rapid"]
[Site "Revelionul"]
[Date "2000.??.??"]
[Round "?"]
[White "Tincu, Radu"]
[Black "Grigore, George Gabriel"]
[Result "1/2-1/2"]
[WhiteElo "2240"]
[BlackElo "2505"]
[PlyCount "61"]
[EventDate "2000.??.??"]
[EventType "swiss"]
[EventRounds "7"]
[EventCountry "ROU"]
[SourceTitle "EXT 2004"]
[Source "ChessBase"]
[SourceDate "2003.11.25"]
[SourceVersion "1"]
[SourceVersionDate "2003.11.25"]
[SourceQuality "1"]

1. f4 d5 2. Nf3 g6 3. g3 Bg7 4. Bg2 c5 5. 0-0 Nh6 6. Nc3 0-0 7. e3 Nc6 8. d3 d4 9. exd4 cxd4 10. Ne4 Qc7 11. a3 b6 12. Qe2 Bb7 13. Nh4 e6 14. Bd2 Rae8 15. Rae1 Nf5 16. Nf3 Nfe7 17. Qf2 Nd5 18. b3 h6 19. Ne5 Nxe5 20. fxe5 Qxe5 21. Nc5 Qc7 22. Nxb7 Qxb7 23. Bb4 Qd7 24. Bxf8 Rxf8 25. Bxd5 Qxd5 26. Re2 b5 27. Qf3 Qd7 28. g4 a6 29. h4 Qc7 30. h5 g5 31. Qe4 1/2-1/2

[Event "Mos Craciun op"]
[Site "Romania"]
[Date "2000.??.??"]
[Round "?"]
[White "Tincu, Radu"]
[Black "Suciu, Dinu Simi"]
[Result "1-0"]
[WhiteElo "2219"]
[BlackElo "2224"]
[PlyCount "21"]
[EventDate "2000.??.??"]
[EventType "swiss"]
[EventRounds "9"]
[EventCountry "ROU"]
[SourceTitle "EXT 2004"]
[Source "ChessBase"]
[SourceDate "2003.11.25"]
[SourceVersion "1"]
[SourceVersionDate "2003.11.25"]
[SourceQuality "1"]

1. d4 g6 2. e4 Bg7 3. Nc3 d6 4. Be3 Nf6 5. f3 c6 6. Qd2 h6 7. 0-0-0 Nbd7 8. Nh3 b5 9. Nf2 Nb6 10. e5 a5 11. exf6 1-0

[Event "Centrocoop Sept op"]
[Site "Eforie Nord"]
[Date "1999.09.??"]
[Round "?"]
[White "Zatonskih, Anna"]
[Black "Tincu, Radu"]
[Result "0-1"]
[WhiteElo "2410"]
[BlackElo "2220"]
[PlyCount "109"]
[EventDate "1999.09.??"]
[EventType "swiss"]
[EventRounds "11"]
[EventCountry "ROU"]
[SourceTitle "EXT 2004"]
[Source "ChessBase"]
[SourceDate "2003.11.25"]
[SourceVersion "1"]
[SourceVersionDate "2003.11.25"]
[SourceQuality "1"]

1. e4 c5 2. Nf3 Nc6 3. d4 cxd4 4. Nxd4 Nf6 5. Nc3 e6 6. Be3 Bb4 7. f3 d5 8. Nxc6 bxc6 9. Be2 0-0 10. 0-0 a5 11. Na4 Ba6 12. Bxa6 Rxa6 13. Qe2 Ra8 14. Rfd1 Bd6 15. Bf2 Qc7 16. g3 Rab8 17. b3 Rfe8 18. c4 Bf8 19. exd5 cxd5 20. cxd5 Nxd5 21. Rac1 Qb7 22. Rc4 h6 23. Rdc1 Ba3 24. R1c2 Qe7 25. Bc5 Bxc5+ 26. Rxc5 Nb4 27. Rd2 Red8 28. Rxa5 Rxd2 29. Qxd2 Rd8 30. Qe2 Nxa2 31. Rc5 Nb4 32. Rc1 Nd5 33. Rd1 Qb7 34. Rd3 Rc8 35. Kg2 Qb4 36. Nb2 Rc3 37. Rxc3 Qxc3 38. Nd3 Qxb3 39. Nf2 Qc3 40. h4 g6 41. Ne4 Qe5 42. Qf2 Kg7 43. Nd2 Ne3+ 44. Kh2 Qd4 45. Kg1 Qd3 46. Ne4 e5 47. Qe1 Qd4 48. Nf2 Nf5 49. Kg2 h5 50. Qe2 Ne3+ 51. Kh2 f5 52. Qe1 f4 53. Ne4 fxg3+ 54. Kxg3 Nf5+ 55. Kh3 0-1

[Event "Mos Craciun Cup op "]
[Site "Romania"]
[Date "1999.??.??"]
[Round "?"]
[White "Clesiu, Radu"]
[Black "Tincu, Radu"]
[Result "0-1"]
[WhiteElo "1740"]
[BlackElo "2220"]
[PlyCount "38"]
[EventDate "1999.??.??"]
[EventType "swiss"]
[EventRounds "9"]
[EventCountry "ROU"]
[SourceTitle "EXT 2004"]
[Source "ChessBase"]
[SourceDate "2003.11.25"]
[SourceVersion "1"]
[SourceVersionDate "2003.11.25"]
[SourceQuality "1"]

1. e4 e6 2. Qe2 Ne7 3. c4 g6 4. d4 Bg7 5. Nf3 d5 6. cxd5 exd5 7. Bg5 f6 8. Bf4 0-0 9. Nc3 Kh8 10. exd5 Nxd5 11. Nxd5 Qxd5 12. Bxc7 Bg4 13. h3 Nc6 14. Qd3 Rfe8+ 15. Be2 Bxf3 16. gxf3 Nxd4 17. Kf1 Rxe2 18. Rd1 Re7 19. Bf4 Qxf3 0-1

[Event "Revelion op"]
[Site "Romania"]
[Date "1999.??.??"]
[Round "?"]
[White "Cristian, Gheorghe"]
[Black "Tincu, Radu"]
[Result "0-1"]
[WhiteElo "1745"]
[BlackElo "2220"]
[PlyCount "80"]
[EventDate "1999.??.??"]
[EventType "swiss"]
[EventRounds "7"]
[EventCountry "ROU"]
[SourceTitle "EXT 2004"]
[Source "ChessBase"]
[SourceDate "2003.11.25"]
[SourceVersion "1"]
[SourceVersionDate "2003.11.25"]
[SourceQuality "1"]

1. e4 e6 2. d4 d5 3. e5 c5 4. Qg4 Nc6 5. Nf3 cxd4 6. Bd3 Nge7 7. 0-0 Qc7 8. Re1 Bd7 9. Nbd2 0-0-0 10. Nb3 f6 11. Bf4 g5 12. exf6 gxf4 13. fxe7 Bxe7 14. Qh5 Bd6 15. Nbxd4 Nxd4 16. Nxd4 e5 17. Nf5 e4 18. Nxd6+ Qxd6 19. Bf1 Bc6 20. b4 Qxb4 21. Qf5+ Kb8 22. Qxf4+ Ka8 23. Qe5 Rhe8 24. Qf6 d4 25. c3 Qxc3 26. Rec1 Qb2 27. Rab1 Qxa2 28. Bc4 Qa3 29. Bf7 Rd6 30. Qg5 Red8 31. Ra1 Qb4 32. Rcb1 Qc3 33. Rc1 h6 34. Qe5 Qd2 35. Qc5 b6 36. Qa3 Qa5 37. Qg3 Qg5 38. Qa3 a5 39. g3 e3 40. Qd3 exf2+ 0-1

[Event "Revelion op"]
[Site "Romania"]
[Date "1999.??.??"]
[Round "?"]
[White "Jiroveanu, George"]
[Black "Tincu, Radu"]
[Result "1-0"]
[WhiteElo "2210"]
[BlackElo "2220"]
[PlyCount "53"]
[EventDate "1999.??.??"]
[EventType "swiss"]
[EventRounds "7"]
[EventCountry "ROU"]
[SourceTitle "EXT 2004"]
[Source "ChessBase"]
[SourceDate "2003.11.25"]
[SourceVersion "1"]
[SourceVersionDate "2003.11.25"]
[SourceQuality "1"]

1. Nc3 Nf6 2. e4 d6 3. f4 g6 4. Nf3 Bg7 5. g3 0-0 6. Bg2 e5 7. d3 Nc6 8. fxe5 Nxe5 9. Nxe5 dxe5 10. h3 Nh5 11. Ne2 c5 12. 0-0 c4 13. dxc4 Qb6+ 14. Kh2 Be6 15. b3 Rad8 16. Qe1 f5 17. Bd2 fxe4 18. Ba5 Qe3 19. Bxd8 Rxd8 20. Nc3 Qxe1 21. Raxe1 Rd2 22. Re2 e3 23. Bf3 Bh6 24. Ne4 Rd4 25. c3 Rd3 26. Nc5 Bf5 27. Bxh5 1-0

[Event "Mos Craciun Cup op "]
[Site "Romania"]
[Date "1999.??.??"]
[Round "?"]
[White "Popa, Valentin"]
[Black "Tincu, Radu"]
[Result "1-0"]
[WhiteElo "2235"]
[BlackElo "2220"]
[PlyCount "65"]
[EventDate "1999.??.??"]
[EventType "swiss"]
[EventRounds "9"]
[EventCountry "ROU"]
[SourceTitle "EXT 2004"]
[Source "ChessBase"]
[SourceDate "2003.11.25"]
[SourceVersion "1"]
[SourceVersionDate "2003.11.25"]
[SourceQuality "1"]

1. d4 d5 2. c4 c6 3. Nf3 g6 4. Nc3 Nf6 5. e3 Bg7 6. Bd3 0-0 7. 0-0 Na6 8. Qe2 Nc7 9. b3 Ng4 10. h3 Nh6 11. Ba3 Bf5 12. cxd5 Nxd5 13. Nxd5 cxd5 14. Rac1 Bxd3 15. Qxd3 Qd7 16. Rc3 Rfc8 17. Rfc1 Nf5 18. Qc2 Rxc3 19. Qxc3 Qe6 20. Qc7 Bh6 21. Qxb7 Rf8 22. Kh1 a5 23. Qc7 f6 24. Qxa5 Qe4 25. Bb2 Nd6 26. a4 f5 27. Ba3 f4 28. Bxd6 fxe3 29. Bg3 Rxf3 30. gxf3 Qxf3+ 31. Kh2 Bf4 32. Qe1 exf2 33. Qe6+ 1-0

[Event "Revelion op"]
[Site "Romania"]
[Date "1999.??.??"]
[Round "?"]
[White "Tincu, Radu"]
[Black "Calauz, Radu"]
[Result "1-0"]
[WhiteElo "2220"]
[BlackElo "1800"]
[PlyCount "51"]
[EventDate "1999.??.??"]
[EventType "swiss"]
[EventRounds "7"]
[EventCountry "ROU"]
[SourceTitle "EXT 2004"]
[Source "ChessBase"]
[SourceDate "2003.11.25"]
[SourceVersion "1"]
[SourceVersionDate "2003.11.25"]
[SourceQuality "1"]

1. e4 c6 2. d4 g6 3. Nc3 Bg7 4. Be3 d5 5. f3 Nf6 6. e5 Ng8 7. Qd2 h5 8. 0-0-0 Qa5 9. Kb1 b5 10. Bd3 e6 11. g4 b4 12. Nce2 Ba6 13. Nf4 Ne7 14. gxh5 gxh5 15. Nge2 c5 16. Rhg1 cxd4 17. Rxg7 dxe3 18. Qxe3 Bxd3 19. Qxd3 Nbc6 20. Rg5 h4 21. Nd4 Nxd4 22. Qxd4 Rc8 23. Nh5 Ng6 24. Qd3 Rxh5 25. Rxh5 Nf4 26. Rh8+ 1-0

[Event "Timisoara op rapid"]
[Site "Timisoara"]
[Date "1999.??.??"]
[Round "?"]
[White "Tincu, Radu"]
[Black "Garban, Alexandru"]
[Result "1-0"]
[WhiteElo "2220"]
[BlackElo "1800"]
[PlyCount "51"]
[EventDate "1999.??.??"]
[EventType "swiss (rapid)"]
[EventRounds "9"]
[EventCountry "ROU"]
[SourceTitle "EXT 2004"]
[Source "ChessBase"]
[SourceDate "2003.11.25"]
[SourceVersion "1"]
[SourceVersionDate "2003.11.25"]
[SourceQuality "1"]

1. c4 Nf6 2. Nf3 d5 3. d4 e6 4. Nc3 Bb4 5. Bg5 h6 6. Bxf6 Qxf6 7. Qb3 Bxc3+ 8. bxc3 dxc4 9. Qxc4 Nc6 10. e4 0-0 11. Bd3 Qf4 12. 0-0 Na5 13. Qa4 b6 14. Rae1 Bb7 15. Re3 Rac8 16. Ne5 c5 17. g3 Qg5 18. f4 Qe7 19. f5 exf5 20. Rxf5 cxd4 21. cxd4 Rc1+ 22. Kg2 Nc6 23. Nxc6 Bxc6 24. Qb3 Bd7 25. Rf2 Qg5 26. Rf4 1-0

[Event "Revelion op"]
[Site "Romania"]
[Date "1999.??.??"]
[Round "?"]
[White "Tincu, Radu"]
[Black "Pachia, Mihai"]
[Result "1/2-1/2"]
[WhiteElo "2220"]
[BlackElo "1800"]
[PlyCount "76"]
[EventDate "1999.??.??"]
[EventType "swiss"]
[EventRounds "7"]
[EventCountry "ROU"]
[SourceTitle "EXT 2004"]
[Source "ChessBase"]
[SourceDate "2003.11.25"]
[SourceVersion "1"]
[SourceVersionDate "2003.11.25"]
[SourceQuality "1"]

1. e4 c5 2. Nc3 Nc6 3. f4 e6 4. Nf3 Nge7 5. g3 g6 6. Bg2 Bg7 7. 0-0 0-0 8. d3 d6 9. Be3 Nd4 10. Qd2 Rb8 11. Nh4 b5 12. Nd1 b4 13. g4 f5 14. c3 bxc3 15. bxc3 Ndc6 16. h3 Qc7 17. Kh1 Ba6 18. Rg1 Nb4 19. Nf2 d5 20. e5 d4 21. cxd4 cxd4 22. Bxd4 Rfd8 23. Rac1 Qd7 24. Bc5 Nxd3 25. Nxd3 Nc8 26. gxf5 Bxd3 27. fxe6 Qxe6 28. Rc3 Qd7 29. Rd1 Rb1 30. Rxb1 Bxb1 31. Qxd7 Rxd7 32. Rb3 Bxa2 33. Rb8 Rc7 34. Bxa7 Rxa7 35. Rxc8+ Kf7 36. Nf3 Bh6 37. Ng5+ Bxg5 38. fxg5 Ke6 1/2-1/2

[Event "Baile Herculane op"]
[Site "Baile Herculane"]
[Date "1998.??.??"]
[Round "9"]
[White "Caravan, Mariana"]
[Black "Tincu, Radu"]
[Result "0-1"]
[WhiteElo "2125"]
[BlackElo "2210"]
[PlyCount "122"]
[EventDate "1998.12.??"]
[EventType "swiss"]
[EventRounds "9"]
[EventCountry "ROU"]
[SourceTitle "EXT 2004"]
[Source "ChessBase"]
[SourceDate "2003.11.25"]
[SourceVersion "1"]
[SourceVersionDate "2003.11.25"]
[SourceQuality "1"]

1. d4 Nf6 2. c4 g6 3. Nc3 Bg7 4. e4 d6 5. Nf3 0-0 6. Be2 Nc6 7. 0-0 e5 8. d5 Ne7 9. Ne1 Ne8 10. Be3 f5 11. f3 f4 12. Bf2 h5 13. Nd3 g5 14. c5 Ng6 15. Rc1 Rf7 16. a4 Nf6 17. cxd6 cxd6 18. Nb5 g4 19. Kh1 g3 20. Bg1 gxh2 21. Bf2 h4 22. Nxa7 Rxa7 23. Bxa7 Nh5 24. Rf2 h3 25. Bb6 Ng3+ 26. Kxh2 Qf8 27. Bf1 hxg2 28. Bxg2 Bf6 29. Rfc2 Rh7+ 30. Kg1 Bd7 31. Rc7 Qh6 32. Rxd7 Qh2+ 33. Kf2 Rxd7 34. Qg1 Qh4 35. Rc8+ Kf7 36. Rc7 Nxe4+ 37. Ke2 Ng3+ 38. Kd2 Rxc7 39. Bxc7 Be7 40. Nf2 Nf5 41. Bh3 Nd4 42. Bg4 Qg3 43. Qxg3 fxg3 44. Nh3 g2 45. Bb6 Nf4 46. Ng1 Bh4 47. Bxd4 exd4 48. Bh3 Bf2 49. Bxg2 Bxg1 50. Bf1 Ke7 51. Bc4 Kd7 52. b4 Be3+ 53. Kc2 Kc7 54. a5 Bf2 55. b5 Be1 56. a6 bxa6 57. bxa6 Kb6 58. Kd1 Bh4 59. Kc2 Bd8 60. Kb3 Bc7 61. Kb4 Bb8 0-1